Abstracts National Seminar on Cucurbits (Record no. 42870)

MARC details
000 -LEADER
fixed length control field 00325nam a22001337a 4500
003 - CONTROL NUMBER IDENTIFIER
control field OSt
008 - FIXED-LENGTH DATA ELEMENTS--GENERAL INFORMATION
fixed length control field 240730b |||||||| |||| 00| 0 eng d
082 ## - DEWEY DECIMAL CLASSIFICATION NUMBER
Classification number 635.93346
Item number G60A
100 ## - MAIN ENTRY--PERSONAL NAME
Personal name GBPUAT, Pantnagar
245 ## - TITLE STATEMENT
Title Abstracts National Seminar on Cucurbits
260 ## - PUBLICATION, DISTRIBUTION, ETC. (IMPRINT)
Place of publication, distribution, etc Pantnagar
Date of publication, distribution, etc 2005
300 ## - PHYSICAL DESCRIPTION
Extent 173p.
942 ## - ADDED ENTRY ELEMENTS (KOHA)
Source of classification or shelving scheme
Koha item type Donated Reference Books
Holdings
Withdrawn status Lost status Source of classification or shelving scheme Damaged status Not for loan Home library Current library Date acquired Source of acquisition Total Checkouts Full call number Barcode Date last seen Bill Date Koha item type Bill Number
          Dr. Rajendra Prasad Central Agricultural University Pusa, Dr. Rajendra Prasad Central Agricultural University Pusa, 30/07/2024 V. C. Cell   635.93346 G60A 70368 30/07/2024 30/07/2024 Donated Reference Books Gift
Hosted, Implemented, Customized & Maintained by: BestBookBuddies

Powered by Koha